00624nam a2200145 a 4500008004100000020001500041050001400056100001700070245009200087260005000179350000900229995009300238999001700331952013000348120416s1997 ||||||||||||||||| || u a093570275X aQC 39 Tay aTaylor, J. R13aAn introduction to error analysis: the study of uncertainties in physical measurements  aSansalito, CAbUniversity Science Booksc1997 a0.00 D0.00FCBU-MAIN LIBRARY (Kitwe)H1I0.00M1UDAMAGEDZMain Library Open Access Collection c47740d47740 00102lcc4070a001b001cMain Library Open Access Collectiond2022-11-30l0oQC 39 Tayp027106r2022-11-30w2022-11-30y002